UBT Library

Psylogical Testing And Assesment (Record no. 50773)

000 -LEADER
fixed length control field 00310nam a22001337a 4500
008 - FIXED-LENGTH DATA ELEMENTS--GENERAL INFORMATION
fixed length control field 181024b xxu||||| |||| 00| 0 eng d
020 ## - INTERNATIONAL STANDARD BOOK NUMBER
International Standard Book Number 9789814577014
041 ## - LANGUAGE CODE
Language code of text/sound track or separate title eng
080 ## - UNIVERSAL DECIMAL CLASSIFICATION NUMBER
Edition identifier 8 ED
Universal Decimal Classification number 159.9
100 ## - Rafti
Rafti 49
101 ## - Shkurtesa
Shkurtesa PSI
245 ## - TITLE STATEMENT
Title Psylogical Testing And Assesment
Statement of responsibility, etc Cohen.R
942 ## - ADDED ENTRY ELEMENTS (KOHA)
Source of classification or shelving scheme
Item type Books
Holdings
Withdrawn status Lost status Source of classification or shelving scheme Damaged status Not for loan Collection code Permanent location Current location Date acquired Total Checkouts Full call number Barcode Date last seen Price effective from Koha item type
          Koleksioni i përgjithshem UBT - Lipjan UBT - Lipjan 10/24/2018   159.9 COH 002-3016746 10/24/2018 10/24/2018 Books
UBT Library © 2015-2024. All rights reserved University Education for Business and Technology